La ESAP y el desarrollo institucional colombiano 50 años : (Registro nro. 6890)

Detalles MARC
000 -LEADER
fixed length control field 01661nam a22002417a 4500
003 - CONTROL NUMBER IDENTIFIER
control field OSt
005 - DATE AND TIME OF LATEST TRANSACTION
control field 20200930125033.0
008 - FIXED-LENGTH DATA ELEMENTS--GENERAL INFORMATION
fixed length control field 200930s2009 ck o||gr|||| 00| 0dspa d
020 ## - INTERNATIONAL STANDARD BOOK NUMBER
International Standard Book Number 979586522113
040 ## - CATALOGING SOURCE
Original cataloging agency CO-JMCR
Transcribing agency CO-JMCR
041 0# - LANGUAGE CODE
Language code of text/sound track or separate title spa
082 04 - DEWEY DECIMAL CLASSIFICATION NUMBER
Classification number 350 /
Item number Y679e
Edition number 23
100 1# - MAIN ENTRY--PERSONAL NAME
Personal name Younes Moreno, Diego,
Relator term autor
9 (RLIN) 10300
245 13 - TITLE STATEMENT
Title La ESAP y el desarrollo institucional colombiano 50 años :
Remainder of title 1958-2008 /
Statement of responsibility, etc. Diego Younes Moreno
260 ## - PUBLICATION, DISTRIBUTION, ETC.
Place of publication, distribution, etc. Bogotá :
Name of publisher, distributor, etc. ESAP,
Date of publication, distribution, etc. [2009].
300 ## - PHYSICAL DESCRIPTION
Extent 320 páginas :
Other physical details ilustraciones, fotografías a blanco y negro ;
Dimensions 24 cm.
504 ## - BIBLIOGRAPHY, ETC. NOTE
Bibliography, etc. note Bibliografía: páginas 317-320.
505 ## - FORMATTED CONTENTS NOTE
Formatted contents note Aproximaciones metodológicas. -- El contexto social y político del medio siglo. -- La ESAP y la reforma administrativa de 1968. -- Hacia la consolidación institucional. -- La ESAP y la Constitución del 1991. -- El sistema de educación y formación de la ESAP. --La escuela del alto gobierno. -- El sistema de investigación en la ESAP. -- El sistema de información y difusión institucional. -- Presencia de la ESAP en la modernización y el desarrollo institucional. -- La ESAP y la descentralización. -- El sistema de direcciones territoriales de la ESAP. -- La planeación y la ESAP. -- Asistencia técnica y cooperación internacional. -- La naturaleza jurídica de las ESAP y sus normas orgánicas. -- Organización y paradigmas actuales de la ESAP. -- Directores de la escuela superior de administración pública- ESAP.
650 24 - SUBJECT ADDED ENTRY--TOPICAL TERM
Topical term or geographic name entry element Administración pública
9 (RLIN) 11014
650 24 - SUBJECT ADDED ENTRY--TOPICAL TERM
Topical term or geographic name entry element Estudio y docencia
9 (RLIN) 11015
650 24 - SUBJECT ADDED ENTRY--TOPICAL TERM
Topical term or geographic name entry element Escuela Superior de Administración Pública
Geographic subdivision (Colombia)
9 (RLIN) 11016
942 ## - ADDED ENTRY ELEMENTS (KOHA)
Source of classification or shelving scheme Dewey Decimal Classification
Koha item type Books
Existencias
Withdrawn status Lost status Source of classification or shelving scheme Damaged status Not for loan Home library Current library Shelving location Date acquired Source of acquisition Total Checkouts Full call number Barcode Date last seen Copy number Price effective from Koha item type
    Dewey Decimal Classification     Biblioteca Pública José María del Castillo y Rada Biblioteca Pública José María del Castillo y Rada General Stacks 04/15/2018 Donación   350 / Y679e 201810098 05/16/2024 Ej.1 04/15/2018 Books